00733nam a22002297a 450000500170000001000130001702000260003003500130005603700140006908200170008324500860010026000450018627000600023130000250029150000390031665000190035565000240037465000190039865000390041770000210045670000260047720180517132001.0 aB-691982 a9780195652253c545.00 aB-691982 bR.K.Books a954.0222MUG aThe mughal state 1526-1750 /cedited by Muzaffar Aalam [and] Sanjay Subrahmanyam aNew DelhibOxford University Pressc2000 aYMCA Library Building Jai Singh RoadbNew Delhie110001 axii,536p.c19cm(pbk) aIncludes bibliographical reference aIndian History aIndia--Mogul Empire aModern Science a Modern Science-Electronic Product aAalam, Muzaffar  aSubrahmanyam, Sanjay